Elvis Presley Heartbreak Hotel Lyrics - Statistics

General Stats
  • This quiz has been taken 58 times
  • The average score is 138 of 210
Answer Stats
Answer % Correct
baby
98%
i
96%
well
94%
heartbreak
92%
hotel
92%
left
92%
lonely
92%
to
92%
a
90%
my
90%
since
90%
so
88%
place
86%
die
84%
new
84%
dwell
82%
be
80%
could
80%
the
80%
found
78%
street
78%
down
76%
end
76%
at
74%
of
74%
it's
68%
i'll
64%
in
64%
you
62%
and
60%
find
54%
black
52%
dressed
50%
where
48%
they
44%
your
44%
clerk's
42%
desk
42%
room
42%
can
40%
cry
40%
i'm
40%
some
40%
flowin'
38%
always
36%
broken
36%
hearted
36%
keep
36%
lovers
36%
take
36%
walk
36%
crowded
34%
for
34%
got
34%
if
34%
leaves
34%
still
34%
tears
34%
tell
34%
you'll
34%
bellhop's
32%
just
32%
tale
32%
their
30%
will
30%
they'll
28%
although
26%
gloom
24%
now
24%
are
22%
get
22%
they're
20%
No matching quizzes found
Score Distribution
Percent of People with Each Score
Percentile by Number Answered
Your Score History
You have not taken this quiz